[Event "Bushehr Lian op 7th"]
[Site "Bushehr"]
[Date "2015.11.15"]
[Round "8"]
[White "Shaahsavandi, Mohammadhadi"]
[Black "Mozaffari, Alireza"]
[Result "1-0"]
[WhiteElo "2110"]
[BlackElo "1751"]
[PlyCount "99"]
[EventDate "2015.11.11"]
[EventType "swiss"]
[EventRounds "9"]
[EventCountry "IRI"]
[SourceTitle "CBM 169 Extra"]
[Source "ChessBase"]
[SourceDate "2015.12.18"]
[SourceVersion "1"]
[SourceVersionDate "2015.12.18"]
[SourceQuality "1"]

1. d4 Nf6 2. Nf3 e6 3. c4 b6 4. a3 Ba6 5. Qc2 Bb7 6. Nc3 c5 7. dxc5 bxc5 8. Bg5 Be7 9. e3 0-0 10. Be2 Nc6 11. Rd1 a6 12. 0-0 Qc7 13. Rd2 Rfd8 14. Rfd1 h6 15. Bh4 Rab8 16. Ne1 Na5 17. Bg3 d6 18. b3 Bc6 19. Rb1 Bd7 20. Qd1 e5 21. Bd3 Be6 22. f4 Bg4 23. Qc2 exf4 24. Bxf4 Be6 25. h3 Nh5 26. Bh2 Re8 27. Nf3 Nf6 28. Nd5 Bxd5 29. cxd5 Bf8 30. b4 Nb7 31. e4 Qb6 32. Kh1 a5 33. e5 Nd7 34. e6 fxe6 35. dxe6 Nf6 36. Bg6 Red8 37. Bf7+ Kh8 38. Nh4 g5 39. Ng6+ Kg7 40. Qf5 Nh7 41. Rf2 Qc7 42. Nxf8 Rxf8 43. Qg6+ Kh8 44. Qxh6 Qe7 45. b5 Nd8 46. Rbf1 Nb7 47. a4 c4 48. Rf5 Rbc8 49. Bg1 Nc5 50. Bd4+ 1-0

[Event "Bushehr Lian op 7th"]
[Site "Bushehr"]
[Date "2015.11.14"]
[Round "6"]
[White "Shaahsavandi, Mohammadhadi"]
[Black "Jahanbakhshi, Arman"]
[Result "1-0"]
[WhiteElo "2110"]
[BlackElo "1911"]
[PlyCount "84"]
[EventDate "2015.11.11"]
[EventType "swiss"]
[EventRounds "9"]
[EventCountry "IRI"]
[SourceTitle "CBM 169 Extra"]
[Source "ChessBase"]
[SourceDate "2015.12.18"]
[SourceVersion "1"]
[SourceVersionDate "2015.12.18"]
[SourceQuality "1"]

1. d4 Nf6 2. c4 g6 3. Nc3 Bg7 4. e4 d6 5. Nf3 0-0 6. Be2 c5 7. d5 e5 8. 0-0 Nh5 9. Re1 h6 10. Bf1 Bg4 11. h3 Bxf3 12. Qxf3 Nd7 13. Rb1 Qe7 14. a3 Rab8 15. b4 f5 16. exf5 Rxf5 17. Qg4 Rbf8 18. Ne4 Ndf6 19. Nxf6+ Qxf6 20. bxc5 Rxf2 21. Be3 dxc5 22. Bd3 Nf4 23. Bf1 h5 24. Qg3 Rxf1+ 25. Rxf1 Ne2+ 26. Kh2 Nxg3 27. Rxf6 Bxf6 28. Kxg3 b6 29. a4 e4 30. Kf2 Bd4+ 31. Ke2 Kf7 32. Rd1 Be5 33. Rb1 Rd8 34. Bg5 Rd6 35. Ke3 Bc3 36. Kxe4 Rd7 37. Rf1+ Kg7 38. Rf3 Bd4 39. a5 Rb7 40. d6 bxa5 41. Kd5 a6 42. Kc6 Ra7 1-0